| 000 | 01215cam a2200313 a 4500 | ||
|---|---|---|---|
| 001 | 16936572 | ||
| 003 | OSt | ||
| 005 | 20160811151019.0 | ||
| 008 | 110826s2013 iauab 001 0 eng | ||
| 010 | _a 2011035750 | ||
| 020 | _a9780073383279 (hard copy : alk. paper) | ||
| 020 | _a0073383279 (hard copy : alk. paper) | ||
| 020 | _a9780076629503 (reinforced binding) | ||
| 020 | _a0076629503 (reinforced binding) | ||
| 040 |
_aDLC _cDLC |
||
| 050 | 0 | 0 |
_aGE105 _b.E54 2013 |
| 082 | 0 | 0 |
_a363.7 _223 |
| 245 | 0 | 0 |
_aEnvironmental science : _ba study of interrelationships / _cEldon D. Enger, Bradley F. Smith. |
| 250 | _aThirteenth ed. | ||
| 260 |
_aDubuque : _bMcGraw-Hill, _cc2013. |
||
| 300 |
_axxv, 485 p. : _bill. (chiefly col.), col. maps ; _c28 cm. |
||
| 500 | _aIncludes index. | ||
| 650 | 0 |
_aEnvironmental sciences _vTextbooks. |
|
| 700 | 1 | _aEnger, Eldon D. | |
| 700 | 1 | _aSmith, Bradley F. | |
| 906 |
_a7 _bcbc _corignew _d1 _eecip _f20 _gy-gencatlg |
||
| 942 |
_2lcc _cBOOKS |
||
| 999 |
_c13601 _d13601 |
||